Learning achievement at the primary school level: (Record no. 1791)

MARC details
000 -LEADER
fixed length control field 00765nam a22002057a 4500
005 - DATE AND TIME OF LATEST TRANSACTION
control field 20250414105257.0
008 - FIXED-LENGTH DATA ELEMENTS--GENERAL INFORMATION
fixed length control field 250414b |||||||| |||| 00| 0 eng d
040 ## - CATALOGING SOURCE
Original cataloging agency KMU
Transcribing agency KMU
Modifying agency KMU
Description conventions rda
050 ## - LIBRARY OF CONGRESS CALL NUMBER
Classification number LB 3056.Z3 E27
110 ## - MAIN ENTRY--CORPORATE NAME
Corporate name or jurisdiction name as entry element The Ministry of General Education-
Subordinate unit Examinaion Council of Zambia (ECZ)
245 ## - TITLE STATEMENT
Title Learning achievement at the primary school level:
Remainder of title Zambia's Grade 5 National Assessment Survey Report for 2014/
Statement of responsibility, etc. Examinaion Council of Zambia (ECZ)
260 ## - PUBLICATION, DISTRIBUTION, ETC.
Place of publication, distribution, etc. Lusaka:
Name of publisher, distributor, etc. Examinaion Council of Zambia (ECZ),
Date of publication, distribution, etc. 2014.
300 ## - PHYSICAL DESCRIPTION
Extent 64 p.:
Other physical details ill.;
Dimensions 27cm.
500 ## - GENERAL NOTE
General note Include references and appendices.
610 ## - SUBJECT ADDED ENTRY--CORPORATE NAME
Corporate name or jurisdiction name as entry element Education
610 ## - SUBJECT ADDED ENTRY--CORPORATE NAME
Corporate name or jurisdiction name as entry element Midle primary school
610 ## - SUBJECT ADDED ENTRY--CORPORATE NAME
Corporate name or jurisdiction name as entry element Learning Achievement
610 ## - SUBJECT ADDED ENTRY--CORPORATE NAME
Corporate name or jurisdiction name as entry element Survey report
942 ## - ADDED ENTRY ELEMENTS (KOHA)
Source of classification or shelving scheme Library of Congress Classification
Koha item type Report
Suppress in OPAC No
Holdings
Withdrawn status Lost status Source of classification or shelving scheme Damaged status Use restrictions Not for loan Collection Home library Current library Shelving location Date acquired Total Checkouts Full call number Barcode Date last seen Price effective from Koha item type
    Library of Congress Classification   Restricted Access Not For Loan Non-fiction Kapasa Makasa University Kapasa Makasa University Special Collection 14.04.2025   ZAM.LB3059.Z3 MIN 301106 14.04.2025 14.04.2025 Report
    Library of Congress Classification   Restricted Access Not For Loan Non-fiction Kapasa Makasa University Kapasa Makasa University Special Collection 14.04.2025   ZAM.LB3059.Z3 MIN 301105 14.04.2025 14.04.2025 Report
    Library of Congress Classification       Non-fiction Kapasa Makasa University Kapasa Makasa University Children's Area 14.04.2025   LB3059.Z3 MIN 301104 14.04.2025 14.04.2025 Report
    Library of Congress Classification       Non-fiction Kapasa Makasa University Kapasa Makasa University Children's Area 14.04.2025   LB3059.Z3 MIN 301103 14.04.2025 14.04.2025 Report